[Event "16PCR_ZK03"]
[Site "?"]
[Date "2005.??.??"]
[Round "?"]
[White "Lucan, Zdenko"]
[Black "Mikoska, Josef"]
[Result "0-1"]
[WhiteElo "1557"]
[BlackElo "2134"]
[PlyCount "76"]
[EventDate "2005.??.??"]
[EventType "corr"]
[EventRounds "2"]
[SourceDate "2005.02.23"]

1. c4 g6 2. Nc3 Bg7 3. Nf3 Nf6 4. e4 d6 5. d4 O-O 6. Be2 e5 7. Bg5 h6 8. Bxf6
Qxf6 9. dxe5 dxe5 10. Nd5 Qd8 11. O-O c6 12. Nc3 Bg4 13. Qxd8 Rxd8 14. b4 a5
15. b5 cxb5 16. cxb5 Nd7 17. a4 Be6 18. Rfd1 Rdc8 19. Nd5 Bxd5 20. exd5 e4 21.
Nd4 Nb6 22. Ra2 Rc3 23. Nc2 Rd8 24. d6 Be5 25. g3 Rxd6 26. Rxd6 Bxd6 27. Kg2 f5
28. Ne3 Kf7 29. Nd1 Ra3 30. Rxa3 Bxa3 31. Nc3 Bb2 32. Nd1 Bd4 33. f3 Kf6 34.
fxe4 fxe4 35. Nf2 Bxf2 36. Kxf2 Nxa4 37. Ke3 Nc3 38. Bf1 Ke5 0-1

[Event "16PCR_ZK03"]
[Site "?"]
[Date "2005.??.??"]
[Round "?"]
[White "Lucan, Zdenko"]
[Black "Peroutik, Jiri"]
[Result "1/2-1/2"]
[WhiteElo "1557"]
[BlackElo "1822"]
[PlyCount "47"]
[EventDate "2005.??.??"]
[EventType "corr"]
[EventRounds "2"]
[SourceDate "2005.02.23"]

1. f4 d5 2. Nf3 g6 3. d4 Bg7 4. g3 Nf6 5. Bg2 O-O 6. Nbd2 c5 7. dxc5 Nbd7 8.
Nb3 Nxc5 9. Nxc5 Qa5+ 10. c3 Qxc5 11. Qd4 Qd6 12. Qd1 Ne4 13. O-O Rd8 14. Nd4
a6 15. Be3 Bd7 16. Bxe4 dxe4 17. Nb3 Qc7 18. Qc2 Bf5 19. Rad1 e5 20. fxe5 Bxe5
21. Rxd8+ Rxd8 22. Kh1 h5 23. Rd1 h4 24. Rxd8+ 1/2-1/2

[Event "16PCR_ZK03"]
[Site "?"]
[Date "2005.??.??"]
[Round "?"]
[White "Majstr, Jiri"]
[Black "Mikoska, Josef"]
[Result "0-1"]
[WhiteElo "2006"]
[BlackElo "2134"]
[PlyCount "112"]
[EventDate "2005.??.??"]
[EventType "corr"]
[EventRounds "2"]
[SourceDate "2005.02.23"]

1. d4 g6 2. e4 Bg7 3. c4 d6 4. Nc3 e5 5. Nf3 Nd7 6. Be3 Ne7 7. c5 O-O 8. cxd6
cxd6 9. Bb5 a6 10. Be2 b5 11. dxe5 Nxe5 12. Nxe5 Bxe5 13. O-O Re8 14. f4 Bxc3
15. bxc3 Bb7 16. a4 Nf5 17. Bf2 Rxe4 18. axb5 axb5 19. Qd2 Rea4 20. Rab1 Ra2
21. Rb2 Rxb2 22. Qxb2 Ra4 23. Bxb5 Rxf4 24. Ra1 Rg4 25. g3 Qc8 26. Ra7 Re4 27.
Bf1 Bd5 28. Qd2 Re5 29. Qd3 Qb8 30. Ra1 Be4 31. Qd2 h5 32. Ra6 Qb7 33. Rb6 Qd5
34. Qxd5 Rxd5 35. Rb4 Re5 36. h3 Bf3 37. Bd3 Rd5 38. Bxf5 Rd1+ 39. Be1 Rxe1+
40. Kf2 Rc1 41. Kxf3 Rf1+ 42. Ke3 Rxf5 43. Rb6 Rc5 44. Kd4 Rg5 45. g4 hxg4 46.
hxg4 Rxg4+ 47. Kd5 Rg3 48. Kd4 d5 49. Rb5 Rg4+ 50. Ke3 Re4+ 51. Kd2 f5 52. Rxd5
Kf7 53. Kd3 Re6 54. c4 f4 55. Rg5 Kf6 56. Rg1 Kf5 0-1

[Event "16PCR_ZK03"]
[Site "?"]
[Date "2005.??.??"]
[Round "?"]
[White "Majstr, Jiri"]
[Black "Portych, Vaclav"]
[Result "1/2-1/2"]
[WhiteElo "2006"]
[BlackElo "2024"]
[PlyCount "104"]
[EventDate "2005.??.??"]
[EventType "corr"]
[EventRounds "2"]
[SourceDate "2005.02.23"]

1. d4 Nf6 2. c4 e6 3. Nf3 b6 4. Nc3 Bb4 5. Qb3 c5 6. Bg5 Bb7 7. a3 Bxc3+ 8.
Qxc3 h6 9. Bh4 d6 10. dxc5 bxc5 11. Rd1 a5 12. Bxf6 gxf6 13. Nd2 Nd7 14. e4 Qe7
15. f3 a4 16. Bd3 h5 17. O-O h4 18. Rf2 h3 19. g3 Ne5 20. f4 Nc6 21. Nf3 e5 22.
Qd2 Bc8 23. Bc2 Nd4 24. Nxd4 exd4 25. Bd3 Bb7 26. Re1 Kf8 27. Rfe2 Qd7 28. Qc2
Re8 29. Qd1 Kg7 30. b4 axb3 31. Qxb3 f5 32. exf5 Bf3 33. f6+ Kxf6 34. Bf5 Qc6
35. Bd7 Rxe2 36. Rxe2 Qxd7 37. Qxf3 Re8 38. Qh5 Rxe2 39. Qg5+ Ke6 40. Qg4+ Ke7
41. Qxe2+ Qe6 42. Kf2 f5 43. a4 Qxe2+ 44. Kxe2 Kd7 45. Kf3 Kc6 46. a5 d3 47.
Ke3 Kb7 48. Kxd3 Ka6 49. Ke3 Kxa5 50. Kf3 Kb4 51. g4 fxg4+ 52. Kxg4 Kxc4
1/2-1/2

[Event "16PCR_ZK03"]
[Site "?"]
[Date "2005.??.??"]
[Round "?"]
[White "Matejka, Petr"]
[Black "Peroutik, Jiri"]
[Result "1-0"]
[WhiteElo "2188"]
[BlackElo "1822"]
[PlyCount "55"]
[EventDate "2005.??.??"]
[EventType "corr"]
[EventRounds "2"]
[SourceDate "2005.02.23"]

1. e4 e6 2. d4 d5 3. Nc3 Nf6 4. Bg5 Be7 5. e5 Nfd7 6. Bxe7 Qxe7 7. f4 O-O 8.
Nf3 c5 9. Nb5 Nc6 10. c3 f6 11. Bd3 fxe5 12. fxe5 cxd4 13. cxd4 Qb4+ 14. Qd2
Qxd2+ 15. Kxd2 Nb6 16. Nd6 Rb8 17. Rab1 Bd7 18. b4 h6 19. Rhc1 g5 20. Ke3 Nc8
21. b5 Na5 22. Rc7 Nb6 23. Nd2 Rf4 24. Rbc1 Rh4 25. h3 g4 26. Be2 h5 27. hxg4
hxg4 28. R1c3 1-0

[Event "16PCR_ZK03"]
[Site "?"]
[Date "2005.??.??"]
[Round "?"]
[White "Mikoska, Josef"]
[Black "Binas, Jindrich"]
[Result "1-0"]
[WhiteElo "2134"]
[BlackElo "2114"]
[PlyCount "41"]
[EventDate "2005.??.??"]
[EventType "corr"]
[EventRounds "2"]
[SourceDate "2005.02.23"]

1. e4 c5 2. b3 Nc6 3. Bb2 e5 4. g3 d5 5. exd5 Qxd5 6. Qf3 Qd6 7. Na3 Be6 8. Nc4
Qd7 9. Nxe5 Nxe5 10. Bxe5 O-O-O 11. O-O-O Nh6 12. Qg2 Nf5 13. Bd3 Bd6 14. Bb2
f6 15. Ne2 Bc7 16. Rhe1 Rhe8 17. Be4 Bd5 18. Bxd5 Qxd5 19. Qxd5 Rxd5 20. Nf4
Rxe1 21. Nxd5 1-0

[Event "16PCR_ZK03"]
[Site "?"]
[Date "2005.??.??"]
[Round "?"]
[White "Mikoska, Josef"]
[Black "Lucan, Zdenko"]
[Result "1-0"]
[WhiteElo "2134"]
[BlackElo "1557"]
[PlyCount "61"]
[EventDate "2005.??.??"]
[EventType "corr"]
[EventRounds "2"]
[SourceDate "2005.02.23"]

1. e4 c6 2. d4 d5 3. Nc3 dxe4 4. Nxe4 Nd7 5. Ng5 Ngf6 6. Bd3 e6 7. N1f3 h6 8.
Ne4 Nxe4 9. Bxe4 Nf6 10. Bd3 Be7 11. c3 O-O 12. O-O Bd6 13. Re1 Re8 14. Ne5
Bxe5 15. dxe5 Nd7 16. Qf3 Nf8 17. Qg3 Ng6 18. Bxg6 fxg6 19. Qxg6 Re7 20. Bxh6
Qf8 21. Rad1 Bd7 22. Bg5 Rf7 23. Re4 Rf5 24. Rxd7 Rf7 25. Rh4 Rxd7 26. Qh7+ Kf7
27. Rf4+ Ke8 28. Qh5+ Rf7 29. Qg6 Qg8 30. Qxe6+ Kf8 31. Qe7# 1-0

[Event "16PCR_ZK03"]
[Site "?"]
[Date "2005.??.??"]
[Round "?"]
[White "Mikoska, Josef"]
[Black "Majstr, Jiri"]
[Result "1-0"]
[WhiteElo "2134"]
[BlackElo "2006"]
[PlyCount "59"]
[EventDate "2005.??.??"]
[EventType "corr"]
[EventRounds "2"]
[SourceDate "2005.02.23"]

1. e4 e5 2. Nf3 Nc6 3. Bb5 a6 4. Ba4 Nf6 5. O-O Nxe4 6. d4 b5 7. Bb3 d5 8. dxe5
Be6 9. Nbd2 Nc5 10. c3 Be7 11. Bc2 Bg4 12. Re1 O-O 13. Nf1 Re8 14. h3 Bxf3 15.
Qxf3 Bf6 16. Rd1 Nxe5 17. Qxd5 Qxd5 18. Rxd5 Ne6 19. Ng3 c6 20. Rd1 Rad8 21. a4
Rxd1+ 22. Bxd1 Nd3 23. Bc2 Nxc1 24. Rxc1 Be5 25. axb5 axb5 26. Re1 Bxg3 27.
fxg3 c5 28. Kf2 Ra8 29. Bf5 Ra2 30. Rxe6 1-0

[Event "16PCR_ZK03"]
[Site "?"]
[Date "2005.??.??"]
[Round "?"]
[White "Peroutik, Jiri"]
[Black "Lucan, Zdenko"]
[Result "1/2-1/2"]
[WhiteElo "1822"]
[BlackElo "1557"]
[PlyCount "60"]
[EventDate "2005.??.??"]
[EventType "corr"]
[EventRounds "2"]
[SourceDate "2005.02.23"]

1. e4 c6 2. d4 d5 3. exd5 cxd5 4. c3 Nc6 5. Bf4 Nf6 6. Nf3 Bg4 7. Qb3 Qc8 8.
Nbd2 e6 9. Bd3 Be7 10. O-O O-O 11. Rfe1 Bf5 12. Bxf5 exf5 13. Bg5 Qd7 14. Ne5
Nxe5 15. Rxe5 h6 16. Bxf6 Bxf6 17. Qxd5 Qxd5 18. Rxd5 g6 19. Rd7 b6 20. f4 g5
21. fxg5 Bxg5 22. Nc4 Rfd8 23. Rc7 Rdc8 24. Rxc8+ Rxc8 25. Nd6 Rc6 26. Nxf5 Rf6
27. Rf1 Re6 28. d5 Re5 29. h4 Be3+ 30. Kh2 Bc1 1/2-1/2

[Event "16PCR_ZK03"]
[Site "?"]
[Date "2005.??.??"]
[Round "?"]
[White "Portych, Vaclav"]
[Black "Majstr, Jiri"]
[Result "1/2-1/2"]
[WhiteElo "2024"]
[BlackElo "2006"]
[PlyCount "109"]
[EventDate "2005.??.??"]
[EventType "corr"]
[EventRounds "2"]
[SourceDate "2005.02.23"]

1. c4 e5 2. Nc3 Nc6 3. Nf3 Nf6 4. g3 d5 5. cxd5 Nxd5 6. Bg2 Nxc3 7. bxc3 e4 8.
Ng1 f5 9. Nh3 Bd6 10. O-O O-O 11. d4 Qe7 12. Bg5 Qe8 13. f3 exf3 14. Bxf3 Na5
15. Qd3 Be6 16. Nf4 Bc4 17. Bd5+ Bxd5 18. Nxd5 Qe6 19. Ne3 g6 20. c4 b6 21. c5
bxc5 22. d5 Qe4 23. Qxe4 fxe4 24. Rac1 Rxf1+ 25. Rxf1 Be5 26. Ng4 Bg7 27. Nf6+
Bxf6 28. Rxf6 Rf8 29. Ra6 Nc4 30. Rxa7 Rf5 31. h4 Rxd5 32. Rxc7 e3 33. a4 Rd1+
34. Kg2 Ra1 35. Rxc5 Rxa4 36. Bf4 h5 37. Kf3 Kf7 38. Bxe3 Nd6 39. Bc1 Ne4 40.
Re5 Nf6 41. e4 Ra1 42. Rc5 Ng4 43. Rc7+ Ke6 44. Rc6+ Kd7 45. Rc3 Ne5+ 46. Ke3
Ke6 47. Rc8 Ra2 48. Rc3 Ra1 49. Rc8 Ra2 50. Rb8 Rc2 51. Bd2 Nc4+ 52. Kd3 Rxd2+
53. Kxc4 Ke5 54. Re8+ Kf6 55. Rf8+ 1/2-1/2

[Event "16PCR_ZK03"]
[Site "?"]
[Date "2005.??.??"]
[Round "?"]
[White "Binas, Jindrich"]
[Black "Peroutik, Jiri"]
[Result "1/2-1/2"]
[WhiteElo "2114"]
[BlackElo "1822"]
[PlyCount "90"]
[EventDate "2005.??.??"]
[EventType "corr"]
[EventRounds "2"]
[SourceDate "2005.02.23"]

1. e4 e6 2. d4 d5 3. Nc3 Nf6 4. Bg5 Be7 5. e5 Nfd7 6. Bxe7 Qxe7 7. f4 O-O 8.
Nf3 c5 9. dxc5 Qxc5 10. Qd2 Nc6 11. O-O-O Nb6 12. Bd3 Bd7 13. Kb1 Nb4 14. a3
Nxd3 15. Qxd3 h6 16. Nd4 Nc4 17. Nb3 Qc7 18. g4 Rac8 19. Ka2 b5 20. g5 h5 21.
g6 a5 22. f5 b4 23. Nxd5 exd5 24. gxf7+ Rxf7 25. e6 Rf6 26. exd7 Qxd7 27. Qxd5+
Qxd5 28. Rxd5 bxa3 29. bxa3 Ne3 30. Rd2 a4 31. Nd4 Rd6 32. f6 Rxf6 33. Re1 Nc4
34. Rg2 Rb8 35. Rg3 Rd8 36. Re4 Nd2 37. Rh4 Nf1 38. Rg5 g6 39. h3 Ne3 40. Re4
Nd1 41. Rg3 Rc8 42. Re1 Nc3+ 43. Kb2 Rb6+ 44. Ka1 Kh7 45. Rd3 Kh6 1/2-1/2

[Event "16PCR_ZK03"]
[Site "?"]
[Date "2005.??.??"]
[Round "?"]
[White "Peroutik, Jiri"]
[Black "Majstr, Jiri"]
[Result "1-0"]
[WhiteElo "1822"]
[BlackElo "2006"]
[PlyCount "97"]
[EventDate "2005.??.??"]
[EventType "corr"]
[EventRounds "2"]
[SourceDate "2005.02.23"]

1. e4 e6 2. d4 d5 3. Nc3 dxe4 4. Nxe4 Nd7 5. Nf3 Ngf6 6. Bg5 Be7 7. Nxf6+ Bxf6
8. Bxf6 Nxf6 9. Bd3 O-O 10. O-O b6 11. c3 Bb7 12. Re1 Qd5 13. Re5 Qd6 14. Qe2
Rad8 15. Rd1 c5 16. dxc5 Qc6 17. cxb6 axb6 18. a3 h6 19. Re1 Rd6 20. Bb5 Qc7
21. Nd4 Rc8 22. f4 Rd5 23. Bd3 g6 24. h3 Rdd8 25. Bxg6 Rxd4 26. cxd4 fxg6 27.
Rxe6 Rf8 28. Qe5 Qf7 29. f5 Ba8 30. Re3 g5 31. Qd6 h5 32. R3e5 Qb7 33. Re2 Qg7
34. b4 b5 35. Re7 Qh6 36. Rc2 Bd5 37. Rcc7 g4 38. h4 Bf7 39. Rc5 Bc4 40. Kh2
g3+ 41. Kh3 Ng4 42. Qg6+ Qxg6 43. fxg6 Nh6 44. Rxh5 Nf5 45. Re5 Nxd4 46. Rh7
Nc6 47. Rc5 Nd4 48. Rcc7 Rc8 49. Rxc8# 1-0

[Event "16PCR_ZK03"]
[Site "?"]
[Date "2005.??.??"]
[Round "?"]
[White "Peroutik, Jiri"]
[Black "Matejka, Petr"]
[Result "0-1"]
[WhiteElo "1822"]
[BlackElo "2188"]
[PlyCount "48"]
[EventDate "2005.??.??"]
[EventType "corr"]
[EventRounds "2"]
[SourceDate "2005.02.23"]

1. e4 e5 2. Nc3 Nf6 3. Nf3 Nc6 4. Bb5 Bb4 5. O-O O-O 6. d3 d6 7. Bg5 Bxc3 8.
bxc3 Bd7 9. Nd2 h6 10. Bh4 a6 11. Ba4 b5 12. Bb3 a5 13. a3 Qe7 14. Qf3 a4 15.
Ba2 g5 16. Bg3 Rab8 17. h3 Kg7 18. Rab1 g4 19. hxg4 Nxg4 20. Qe2 Qg5 21. Nf3
Qg6 22. Rb2 Ne7 23. d4 Qh5 24. Re1 f5 0-1

[Event "16PCR_ZK03"]
[Site "?"]
[Date "2005.??.??"]
[Round "?"]
[White "Majstr, Jiri"]
[Black "Matejka, Petr"]
[Result "1/2-1/2"]
[WhiteElo "2006"]
[BlackElo "2188"]
[PlyCount "92"]
[EventDate "2005.??.??"]
[EventType "corr"]
[EventRounds "2"]
[SourceDate "2005.02.23"]

1. d4 Nf6 2. c4 e6 3. Nf3 Bb4+ 4. Bd2 Qe7 5. c5 Bxd2+ 6. Nbxd2 b6 7. Rc1 Ba6 8.
e3 Bxf1 9. Nxf1 O-O 10. Ng3 bxc5 11. Rxc5 d6 12. Rc1 Rc8 13. O-O Nbd7 14. b3 c5
15. e4 d5 16. Qd3 dxe4 17. Nxe4 Nxe4 18. Qxe4 Nb6 19. dxc5 Rxc5 20. Rxc5 Qxc5
21. Re1 Rc8 22. Ne5 h6 23. h3 Qc2 24. Qb7 Rc7 25. Qb8+ Kh7 26. Nc4 Re7 27. Ne5
Nd5 28. Qd8 Rc7 29. Nd7 Rc8 30. Qa5 Nf4 31. Qa6 Qg6 32. Qb7 Nxh3+ 33. Kh2 Nf4
34. Qf3 Qh5+ 35. Qxh5 Nxh5 36. Re4 Rd8 37. Ne5 f6 38. g4 Rd2 39. gxh5 fxe5 40.
Kg3 Rxa2 41. Rxe5 Ra6 42. b4 Kg8 43. b5 Rd6 44. Re1 Kf7 45. Ra1 Rd7 46. f4 Kf6
1/2-1/2

[Event "16PCR_ZK03"]
[Site "?"]
[Date "2005.??.??"]
[Round "?"]
[White "Matejka, Petr"]
[Black "Mikoska, Josef"]
[Result "1/2-1/2"]
[WhiteElo "2188"]
[BlackElo "2134"]
[PlyCount "99"]
[EventDate "2005.??.??"]
[EventType "corr"]
[EventRounds "2"]
[SourceDate "2005.02.23"]

1. e4 e5 2. Nf3 Nc6 3. Bb5 a6 4. Ba4 Nf6 5. O-O Bc5 6. c3 O-O 7. d4 Ba7 8. dxe5
Nxe4 9. Qd5 Nc5 10. Bc2 Ne7 11. Qc4 d5 12. exd6 cxd6 13. b4 d5 14. Qh4 Ne4 15.
Ng5 Bf5 16. Nxe4 Bxe4 17. Bxe4 dxe4 18. Qxe4 Nd5 19. a4 Re8 20. Qf3 Qf6 21.
Qxf6 Nxf6 22. Ra2 Rac8 23. a5 Re6 24. g3 Rce8 25. Kg2 g6 26. c4 Re4 27. Rc2 Ng4
28. Na3 f6 29. Bf4 g5 30. Bd6 Re2 31. Rxe2 Rxe2 32. c5 Rb2 33. Kg1 Rb3 34. Nc2
Rb2 35. Rc1 Kf7 36. Kf1 Ne5 37. Bxe5 fxe5 38. Ke2 Bb8 39. Kd3 Rb3+ 40. Ke4 Ke6
41. Rd1 Rc3 42. Rd2 g4 43. Ne3 Rb3 44. Nd5 Rb1 45. f3 Re1+ 46. Ne3 Rb1 47. Nc2
gxf3 48. Kxf3 Bc7 49. Ke4 h5 50. Kd3 1/2-1/2

[Event "16PCR_ZK03"]
[Site "?"]
[Date "2005.??.??"]
[Round "?"]
[White "Matejka, Petr"]
[Black "Majstr, Jiri"]
[Result "1-0"]
[WhiteElo "2188"]
[BlackElo "2006"]
[PlyCount "95"]
[EventDate "2005.??.??"]
[EventType "corr"]
[EventRounds "2"]
[SourceDate "2005.02.23"]

1. e4 d5 2. exd5 Qxd5 3. Nc3 Qa5 4. d4 Nf6 5. Nf3 c6 6. Bc4 e6 7. Qe2 Nbd7 8.
O-O Qh5 9. Bf4 Bb4 10. Rfe1 O-O 11. a3 Bxc3 12. bxc3 Nd5 13. Bd2 c5 14. Qe4
N7f6 15. Qd3 Nb6 16. Re5 Qg6 17. Rxc5 Nxc4 18. Rxc4 Qxd3 19. cxd3 Nd5 20. Rb1
b6 21. Ne1 Rd8 22. h3 Bb7 23. f3 Kf8 24. Kf2 Ke8 25. Rb2 Kd7 26. g4 Ba6 27. Ra4
Bb7 28. h4 h5 29. Kg3 Bc6 30. Rc4 a6 31. a4 Rab8 32. Nc2 b5 33. Rc5 bxa4 34.
Rxb8 Rxb8 35. c4 Ne7 36. Bb4 hxg4 37. fxg4 Ng8 38. Ra5 Nf6 39. Rxa6 Ne8 40. Kf4
f6 41. h5 Rb7 42. Bf8 Rb8 43. Ra7+ Rb7 44. Rxb7+ Bxb7 45. Ne1 Bc6 46. g5 fxg5+
47. Kxg5 Nf6 48. Bxg7 1-0

[Event "16PCR_ZK03"]
[Site "?"]
[Date "2005.??.??"]
[Round "?"]
[White "Matejka, Petr"]
[Black "Portych, Vaclav"]
[Result "1/2-1/2"]
[WhiteElo "2188"]
[BlackElo "2024"]
[PlyCount "109"]
[EventDate "2005.??.??"]
[EventType "corr"]
[EventRounds "2"]
[SourceDate "2005.02.23"]

1. e4 c5 2. Nf3 Nc6 3. d4 cxd4 4. Nxd4 Nf6 5. Nc3 e5 6. Ndb5 d6 7. Nd5 Nxd5 8.
exd5 Nb8 9. Bd3 a6 10. Nc3 Nd7 11. O-O g6 12. a4 Bg7 13. Re1 O-O 14. a5 Nc5 15.
Bf1 f5 16. Ra3 f4 17. b4 Nd7 18. Bd2 Nf6 19. Na4 Bg4 20. Be2 Bxe2 21. Qxe2 Rc8
22. c4 Rc7 23. Rc3 Rcf7 24. Nb6 Nd7 25. Nxd7 Qxd7 26. Qe4 Qa4 27. c5 dxc5 28.
d6 Qxb4 29. Qd5 Qd4 30. Rxc5 Qxd5 31. Rxd5 Rd7 32. g3 f3 33. Rc1 Kf7 34. Bb4
Ke6 35. Rd3 g5 36. h3 h5 37. Rc4 Rf5 38. Rc8 Bf8 39. Rd1 g4 40. h4 Bxd6 41. Rh8
Rf6 42. Re8+ Kf7 43. Rh8 Kg6 44. Rg8+ Kf5 45. Rh8 Rg6 46. Ba3 Ke6 47. Re8+ Kf7
48. Rh8 Kg7 49. Rxh5 Rd8 50. Bxd6 Rdxd6 51. Rxd6 Rxd6 52. Rxe5 Rd1+ 53. Kh2 Rf1
54. Rg5+ Kf6 55. Rxg4 1/2-1/2

[Event "16PCR_ZK03"]
[Site "?"]
[Date "2005.??.??"]
[Round "?"]
[White "Mikoska, Josef"]
[Black "Matejka, Petr"]
[Result "1/2-1/2"]
[WhiteElo "2134"]
[BlackElo "2188"]
[PlyCount "95"]
[EventDate "2005.??.??"]
[EventType "corr"]
[EventRounds "2"]
[SourceDate "2005.02.23"]

1. e4 e5 2. Nf3 Nc6 3. Bb5 a6 4. Ba4 Nf6 5. O-O Be7 6. Re1 b5 7. Bb3 O-O 8. h3
Bb7 9. d3 h6 10. Nc3 Re8 11. a3 Bc5 12. Bd2 d6 13. Nd5 a5 14. Ba2 a4 15. Qe2
Rb8 16. c3 Nxd5 17. exd5 Na7 18. Rad1 Qd7 19. d4 exd4 20. Qd3 Rxe1+ 21. Rxe1
Re8 22. Rxe8+ Qxe8 23. cxd4 Bb6 24. Bb1 g6 25. Ba2 Kg7 26. b4 Bc8 27. Qc2 Qe7
28. Qc1 g5 29. h4 f6 30. hxg5 fxg5 31. Qc2 Kf8 32. Bb1 Qg7 33. Bc3 Ke8 34. Qd2
Kd8 35. Qd3 Bd7 36. Qe4 Nc8 37. Qg6 Qxg6 38. Bxg6 Ne7 39. Bf7 Bc8 40. Nh2 Nf5
41. Nf1 Bxd4 42. Bxd4 Nxd4 43. Ne3 Ke7 44. Bg6 Kf6 45. Bh5 Ke5 46. Kf1 Bd7 47.
Ke1 Nf5 48. Bf7 1/2-1/2

[Event "16PCR_ZK03"]
[Site "?"]
[Date "2005.??.??"]
[Round "?"]
[White "Portych, Vaclav"]
[Black "Matejka, Petr"]
[Result "1/2-1/2"]
[WhiteElo "2024"]
[BlackElo "2188"]
[PlyCount "112"]
[EventDate "2005.??.??"]
[EventType "corr"]
[EventRounds "2"]
[SourceDate "2005.02.23"]

1. c4 Nf6 2. Nc3 e6 3. Nf3 Bb4 4. g3 O-O 5. Bg2 Nc6 6. O-O d5 7. a3 Be7 8. cxd5
exd5 9. d4 Ne4 10. Bf4 Bf5 11. Rc1 Re8 12. Qb3 Na5 13. Qa2 c6 14. Ne5 Nxc3 15.
Rxc3 Be6 16. b3 Qb6 17. Rd1 Rad8 18. h4 f6 19. Nf3 h6 20. Ne1 Bg4 21. Bf3 Bxf3
22. Nxf3 Qa6 23. Ra1 Bd6 24. e3 Bxf4 25. gxf4 Re7 26. Rac1 b6 27. Qc2 Qb7 28.
h5 c5 29. dxc5 bxc5 30. Rxc5 Nxb3 31. Rc8 Rxc8 32. Qxc8+ Qxc8 33. Rxc8+ Kf7 34.
Rd8 Ke6 35. Rb8 Nc5 36. Nd4+ Kf7 37. f5 Nd7 38. Rb5 Nb6 39. Ne6 Rd7 40. Kf1 Nc4
41. a4 Ke7 42. Nxg7 d4 43. Rb4 d3 44. Ke1 Ne5 45. Ne6 d2+ 46. Kd1 Nd3 47. Rd4
Rxd4 48. exd4 Nb2+ 49. Kxd2 Nxa4 50. Kd3 Nb6 51. Nf4 Kd6 52. Ng2 Nd5 53. Kc4
Nb6+ 54. Kd3 Nd5 55. Ne3 Nf4+ 56. Kc4 Nxh5 1/2-1/2

[Event "16PCR_ZK03"]
[Site "?"]
[Date "2005.??.??"]
[Round "?"]
[White "Binas, Jindrich"]
[Black "Lucan, Zdenko"]
[Result "1/2-1/2"]
[WhiteElo "2114"]
[BlackElo "1559"]
[PlyCount "43"]
[EventDate "2005.??.??"]
[EventType "corr"]
[EventRounds "2"]
[SourceDate "2005.02.23"]

1. e4 c6 2. d4 d5 3. exd5 cxd5 4. c3 Nf6 5. Bf4 Nc6 6. Bd3 e6 7. Nf3 Be7 8.
Nbd2 h6 9. O-O O-O 10. Re1 Bd6 11. Ne5 Bxe5 12. dxe5 Nd7 13. Qh5 f5 14. Qg6 Qe8
15. Qxe8 Rxe8 16. h4 Nc5 17. Bc2 a5 18. Nb3 Nxb3 19. axb3 Bd7 20. Re3 Re7 21.
Rg3 Kh8 22. Bd1 1/2-1/2

[Event "16PCR_ZK03"]
[Site "?"]
[Date "2005.??.??"]
[Round "?"]
[White "Lucan, Zdenko"]
[Black "Binas, Jindrich"]
[Result "1/2-1/2"]
[WhiteElo "1559"]
[BlackElo "2114"]
[PlyCount "46"]
[EventDate "2005.??.??"]
[EventType "corr"]
[EventRounds "2"]
[SourceDate "2005.02.23"]

1. b3 e5 2. Bb2 Nc6 3. e4 Nf6 4. d3 d5 5. exd5 Qxd5 6. Nc3 Bb4 7. a3 Bxc3+ 8.
Bxc3 O-O 9. Nf3 Rd8 10. Be2 e4 11. Bxf6 gxf6 12. dxe4 Qxe4 13. Qc1 Bf5 14. Qe3
Qxe3 15. fxe3 Bxc2 16. b4 a6 17. O-O Ba4 18. Bd1 Bxd1 19. Raxd1 Rxd1 20. Rxd1
Rd8 21. Rxd8+ Nxd8 22. Kf2 Nc6 23. Ke2 Kf8 1/2-1/2